| 000 | 00540nam a2200169 a 4500 | ||
|---|---|---|---|
| 005 | 20210219151024.0 | ||
| 008 | 991125s1936 mx 000 0 spa u | ||
| 035 | _aUPN01000026087 | ||
| 049 | _aSEP | ||
| 050 | 4 |
_aLB1653 M6 _bB4.3 |
|
| 100 | 1 | _aBenítez Delorme, Carlos | |
| 245 | 1 | 0 |
_aGeografía humana, social y económica / _cpor Carlos Benítez Delorme. |
| 260 |
_aMéxico : _bComisión Editorial Popular, _c1936. |
||
| 300 |
_a302 p. : _bil., mapas |
||
| 650 | 4 |
_aGEOGRAFIA HUMANA - _xESTUDIO Y ENSEÑANZA (SECUNDARIA) |
|
| 905 | _aLibro | ||
| 999 |
_c26087 _d26087 |
||